000 01509nam a22003617a 4500
999 _c21521
_d21521
003 AR-CdUCM
008 190220b ||||| |||| 00| 0 spa d
020 _a9786123172053
040 _aMUNICIPALIDAD PROVINCIAL DEL CUSCO
_cBIBLIOTECA MUNICIPAL DEL CUSCO
082 _a305.800/S38
_bS38
100 _aSendón, Pablo
_945213
245 _aAyllus del Ausangate :
_bparentesco y organización social en los Andes del sur peruano /
_cPablo F. Sendón
260 _aLima.
_aCusco.
_bPontificia Universidad Católica del Perú,
_bInstituto de Estudios Peruanos,
_bCentro de Estudios Regionales Andinos Bartolomé de Las Casas,
_c2016.
300 _a367 páginas., [12] hojas plegables. :
_bilustraciones, mapas ;
_c24 cm.
440 _aColección Estudios Andinos,
_n20.
_945214
500 _zBibliografía: p. [349]-367.
650 _aEtnología
_91915
650 _aAntropología
_9878
650 _aIndígenas del Perú
_95715
650 _aComunidades campesinas
_92214
650 _aEstructura social
_92893
650 _aCultura andina
_945215
650 _aPoblación
_93673
650 _aRegión de la Sierra
_945216
650 _aAspectos sociales
_9262
650 _aPerú
_945217
700 _aCuratola Petrocchi, Marco (director)
_945188
710 _aPontificia Universidad Católica del Perú
_9400
710 _aInstituto de Estudios Peruanos (Lima)
_99759
710 _aCentro de Estudios Regionales Andinos Bartolomé de Las Casas (Cusco)
_945218
942 _2ddc
_cLIBROS
945 _aRoel